000 00524nam a22001937a 4500
003 PILC
005 20151021123332.0
008 130919t xxu||||| |||| 00| 0 eng d
020 _a0673800660
050 _aPE 1117
_b.C392j 1993
082 _aGS 372.4
_bCel.6F 1993
245 _aJust like a hero :
_btalk about leadership
260 _aIllinois :
_bScottForesman and Company,
_c1993.
300 _a144 p. :
_b22 cm.
650 _aReading
_9902
650 _aChildrens Stories
_95902
942 _2lcc
_cBK
999 _c11711
_d11711